Czy znasz imię tego patrona kościoła katolickiego? - Statystyki

Ogólne statystyki
  • Ten quiz został rozwiązany 113 razy
  • Średni wynik to 4 z 18
Statystyki odpowiedzi
Patron/ka Imię % Poprawnych
Patron kierowców i podróżnych, woźniców, taksówkarzy, tragarzy, rycerzy, poszukiwaczy skarbów i żeglarzy, flisaków, kolejarzy, modystek, biegaczy Krzysztof
96%
Patron Irlandii, Nigerii, fryzjerów, perukarzy, kowali, górników upadłych na duchu, opiekun zwierząt domowych Patryk
63%
Patronka Polski i Litwy, górników wydobywających sól, kopalni soli Kinga
49%
Patronka od spraw trudnych i beznadziejnych, matek i kobiet we wszystkich stanach Rita
45%
Patron myśliwych, tokarzy, leśników i sportowców, matematyków i metalowców, strzelców, kuśnierzy, optyków, rzeźników Hubert
41%
Patron ekologów, pracowników ochrony środowiska, niewidomych, pokoju, robotników, tapicerów, ubogich, więźniów Franciszek
35%
Patronka kobiet rodzących, matek, gospodyń domowych, piekarzy, wdów, położnic, ubogich robotnic, stolarzy, górników kopalni złota, młynarzy, powroźników, żeglarzy Anna
25%
Patron Europy Cyryl
22%
Patronka dziewic, żon, piekarzy, młynarzy, drukarzy, fryzjerów, kolejarzy, chorymi na choroby gardła Katarzyna
10%
Patron pokutników, rozbitków morskich, żeglarzy, marynarzy, rybaków, sukienników, murarzy, zdunów, garncarzy, kowali, ślusarzy i papieży. Piotr
8%
Patron rzeźników, grabarzy, trędowatych, leprozoriów, żebraków Łazarz
5%
Patronka fotografów, gospodyń parafialnych, szwaczek, tkaczy i kupców, przypadków poważnych obrażeń, krążenia krwi i dobrej śmierci Weronika
5%
Patronka chorych dzieci, skruszonych prostytutek, ociemniałych a także wszystkich tych, którzy potrzebują dobrego wzroku: pisarzy, krawców, tkaczy, szwaczek, rolników Łucja
3%
Patronka kościelnych stowarzyszeń matek, wdów, matek Monika
3%
Patronka zakonów żeńskich, kobiet i osób kuszonych, dzieci mających trudności z chodzeniem oraz aptekarzy Maria
2%
Patronka prawników, adwokatów, sędziów, notariuszy, a także proboszczów, ubogich, wdów i sierot Iwona
1%
Patronka podróżników i ludzi chorych Oliwia
1%
Patron farbiarzy, grabarzy, garncarzy, wytwórców wyrobów skórzanych, tkaczy, murarzy, pracowników leśnych i drwali, a także patronem beznadziejnych przypadków Szymon
1%
Nie znaleziono quizów pasujących do podanych kryteriów
Rozkład punktacji
Procent ludzi z każdym wynikiem
Percentyl według liczby udzielonych odpowiedzi
Twoja historia wyników
Nie rozwiązałeś tego quizu